<?xml version="1.0" encoding="UTF-8"?>
<record
    xmlns:xsi="http://www.w3.org/2001/XMLSchema-instance"
    xsi:schemaLocation="http://www.loc.gov/MARC21/slim http://www.loc.gov/standards/marcxml/schema/MARC21slim.xsd"
    xmlns="http://www.loc.gov/MARC21/slim">

  <leader>00950nam a2200253   4500</leader>
  <controlfield tag="003">OSt</controlfield>
  <controlfield tag="005">20220531084011.0</controlfield>
  <controlfield tag="008">210325b           ||||| |||| 00| 0 eng d</controlfield>
  <datafield tag="020" ind1=" " ind2=" ">
    <subfield code="a">978-9945-608-11-3</subfield>
  </datafield>
  <datafield tag="040" ind1=" " ind2=" ">
    <subfield code="a">DO-SdBNP</subfield>
    <subfield code="b">spa</subfield>
    <subfield code="c">BNPHU</subfield>
  </datafield>
  <datafield tag="082" ind1=" " ind2="4">
    <subfield code="a">PR863.5</subfield>
    <subfield code="b">S235d</subfield>
    <subfield code="2">22</subfield>
  </datafield>
  <datafield tag="100" ind1="1" ind2=" ">
    <subfield code="a">Santiago Torres, Alinaluz,</subfield>
    <subfield code="d">1956-</subfield>
    <subfield code="9">30226</subfield>
  </datafield>
  <datafield tag="245" ind1="0" ind2="1">
    <subfield code="a">Denuncias de luz /</subfield>
    <subfield code="c">Alinaluz Santiago Torre.</subfield>
  </datafield>
  <datafield tag="260" ind1=" " ind2=" ">
    <subfield code="a">San Juan : </subfield>
    <subfield code="b">Isla Negra,</subfield>
    <subfield code="c">2018.</subfield>
  </datafield>
  <datafield tag="300" ind1=" " ind2=" ">
    <subfield code="a">62 p. ;</subfield>
    <subfield code="c">21 cm.</subfield>
  </datafield>
  <datafield tag="490" ind1="1" ind2=" ">
    <subfield code="a">El rostro y la m&#xE1;scara </subfield>
  </datafield>
  <datafield tag="500" ind1=" " ind2=" ">
    <subfield code="a">Incluye datos biogr&#xE1;ficos  de autora  en la solapa de la cubierta </subfield>
  </datafield>
  <datafield tag="505" ind1=" " ind2=" ">
    <subfield code="a">Beraka -- </subfield>
    <subfield code="t">Exilio  --</subfield>
    <subfield code="t"> Retirada  --</subfield>
    <subfield code="t">Cacerolas --  </subfield>
    <subfield code="t">Girasoles -- </subfield>
    <subfield code="t">Esencias  -- </subfield>
    <subfield code="t">Luto  --
</subfield>
    <subfield code="t">Pret-a-Porter -- </subfield>
    <subfield code="t">Redundancias.</subfield>
  </datafield>
  <datafield tag="590" ind1=" " ind2=" ">
    <subfield code="a">Inventariado 2021/Saquino</subfield>
  </datafield>
  <datafield tag="650" ind1=" " ind2="4">
    <subfield code="a">Cuentos Puertorrique&#xF1;os</subfield>
    <subfield code="9">78294</subfield>
  </datafield>
  <datafield tag="650" ind1=" " ind2="0">
    <subfield code="a">Literatura Puertorrique&#xF1;a </subfield>
    <subfield code="9">6540</subfield>
  </datafield>
  <datafield tag="910" ind1=" " ind2=" ">
    <subfield code="a">Saquino/Validado. Control de calidad MFF</subfield>
  </datafield>
  <datafield tag="942" ind1=" " ind2=" ">
    <subfield code="2">ddc</subfield>
    <subfield code="c">LBS1</subfield>
  </datafield>
  <datafield tag="952" ind1=" " ind2=" ">
    <subfield code="0">0</subfield>
    <subfield code="1">0</subfield>
    <subfield code="2">ddc</subfield>
    <subfield code="5">3</subfield>
    <subfield code="7">0</subfield>
    <subfield code="8">MO</subfield>
    <subfield code="a">BNPHU</subfield>
    <subfield code="b">PD</subfield>
    <subfield code="d">2021-03-25</subfield>
    <subfield code="e">Deposito Legal</subfield>
    <subfield code="l">0</subfield>
    <subfield code="o">BNPHU  PD PR863.5 S235d         </subfield>
    <subfield code="p">2021-1274</subfield>
    <subfield code="r">2021-03-25</subfield>
    <subfield code="w">2021-03-25</subfield>
    <subfield code="y">LBS1</subfield>
    <subfield code="z">Inventariado, 2021/SA/Validado. Control de calidad MFF</subfield>
  </datafield>
  <datafield tag="952" ind1=" " ind2=" ">
    <subfield code="0">0</subfield>
    <subfield code="1">0</subfield>
    <subfield code="2">ddc</subfield>
    <subfield code="5">3</subfield>
    <subfield code="7">0</subfield>
    <subfield code="8">MO</subfield>
    <subfield code="a">BNPHU</subfield>
    <subfield code="b">PD</subfield>
    <subfield code="d">2021-03-25</subfield>
    <subfield code="e">Deposito Legal</subfield>
    <subfield code="l">0</subfield>
    <subfield code="o">BNPHU PD PR863.5 S235d</subfield>
    <subfield code="p">2021-1275</subfield>
    <subfield code="r">2021-03-25</subfield>
    <subfield code="t">e.2</subfield>
    <subfield code="w">2021-03-25</subfield>
    <subfield code="y">LBS1</subfield>
    <subfield code="z">Inventariado, 2021/SA/Validado. Control de calidad MFF</subfield>
  </datafield>
  <datafield tag="952" ind1=" " ind2=" ">
    <subfield code="0">0</subfield>
    <subfield code="1">0</subfield>
    <subfield code="2">ddc</subfield>
    <subfield code="7">5</subfield>
    <subfield code="8">MO</subfield>
    <subfield code="a">BNPHU</subfield>
    <subfield code="b">GR</subfield>
    <subfield code="d">2021-03-25</subfield>
    <subfield code="e">Deposito Legal</subfield>
    <subfield code="l">0</subfield>
    <subfield code="o">BNPHU  DS  PR863.5 S235d</subfield>
    <subfield code="p">2021-1276</subfield>
    <subfield code="r">2021-03-25</subfield>
    <subfield code="t">e.3</subfield>
    <subfield code="w">2021-03-25</subfield>
    <subfield code="y">LBS1</subfield>
    <subfield code="z">Inventariado, 2021/SA/Validado. Control de calidad MFF</subfield>
  </datafield>
  <datafield tag="999" ind1=" " ind2=" ">
    <subfield code="c">49701</subfield>
    <subfield code="d">49701</subfield>
  </datafield>
</record>
